000 00259nam a2200109Ia 4500
008 190216s9999||||xx |||||||||||||| ||und||
100 _aKuttikrishna Marar
245 0 _aHasya Sahithyam
260 _bMarar Sahithya Prakasam
650 _aLekhanam
942 _cBK
999 _c26104
_d26104